000 00335nam a2200133Ia 4500
008 140626s9999 xx 000 0 und d
100 _aSegal, Jonathan
245 _aDefending Your Reduction in Force /
_cJonathan Segal.
260 _cc2012.
300 _a57 : 9, page 103
440 _aHR Magazine
521 _aBSBA
942 _cSE
999 _c121487
_d121487